=LDR 00000nam 2200000 4500 =001 000370 =005 20250710030313 =035 ##$$a 0010-0725000229 =007 ta =008 250710################a##########0#ind## =020 ##$$a 978-623-307-267-0 =082 ##$$a 398.209 598 =084 ##$$a 398.209 598 SIN p =100 #$$a Singh, Shreyasi =245 1#$$a Prukalpa Sankar : $b Sang Pejuang Data /$c Shreyasi Singh =250 ##$$a Cetakan Pertama =260 ##$$a Jakarta Timur :$b Badan Pengembangan dan Pembinaan Bahasa,$c 2022 =300 ##$$a 28 hlm : $b ilus. ; $c 29 cm =650 #4$$a Literasi-Bahan Bacaan =600 #4$$a Cerita anak Indonesia - Terjemahan =856 ##$$a TBM AS SUHADA =990 ##$$a TBM00880088